000 00333nam a22001457a 4500
008 230703b ||||| |||| 00| 0 eng d
020 _a9781617319150
041 _aeng
080 _2NINTH EDITION
_a611
082 _a611MOR
100 _a10
101 _aANATOMI
245 _aANATOMY & PHYSIOLOGY
_cMORTON. A.D
942 _2udc
_cBK
999 _c60084
_d60084